Rugby // Clubs de Nationale 2 Poule 1 - Statistiques

Statistiques générales
  • Ce quiz a été pris 39 fois
  • Le résultat moyen est 10 sur 12
Statistiques - réponses
Liste des clubs % Correct
RC Aubenas Vals
95%
Rennes Etudiants Club
95%
Rugby Clubs Nîmois
95%
RC Orléans
89%
Servette Rugby Club de Geneve
84%
Stade Dijon Cote D'or
84%
AS Maconaise
74%
CS Vienne Rugby
74%
Stade Metropolitain
74%
Rugby Club Savoie Rumilly
68%
Stade Nantais
68%
Avenir Sportif de Bedarrides Chateauneuf Du Pape
58%
Aucun quiz correspondant
Distribution des résultats
% des personnes avec chaque résultat
Percentile par nombre de réponses
Votre historique - résultats
Vous n’avez pas pris ce quiz